Personnalités francophones en W - Statistiques

Statistiques générales
  • Ce quiz a été pris 4 996 fois
  • Le résultat moyen est 4 sur 12
Statistiques - réponses
Par images Hint Réponse % Correct
Chanteur Christophe Willem
83%
Chroniqueuse Alison Wheeler
62%
Politicien Laurent Wauquiez
61%
Acteur Lambert Wilson
47%
Youtubeur WaRTeK
33%
Miss France Delphine Wespiser
32%
Actrice Ophélie Winter
25%
Politicien Eric Woerth
21%
Acteur Jacques Weber
15%
Journaliste Laurent Weil
8%
Acteur Bruno Wolkowitch
4%
Acteur Aurélien Wiik
3%
Aucun quiz correspondant
Distribution des résultats
% des personnes avec chaque résultat
Percentile par nombre de réponses
Votre historique - résultats
Vous n’avez pas pris ce quiz